Giáo trình chăn nuôi dê cừu

Đã lưu trong:
书目详细资料
格式: 图书
语言:Undetermined
出版: Hà Nội Trường Đại Học Nông Nghiệp I Hà Nội 1966
主题:
标签: 添加标签
没有标签, 成为第一个标记此记录!
Thư viện lưu trữ: Trung tâm Học liệu Trường Đại học Cần Thơ
LEADER 00486nam a2200157Ia 4500
001 CTU_14063
008 210402s9999 xx 000 0 und d
082 |a 636.3 
082 |b Gi108 
245 0 |a Giáo trình chăn nuôi dê cừu 
260 |a Hà Nội 
260 |b Trường Đại Học Nông Nghiệp I Hà Nội 
260 |c 1966 
650 |a goats - breeding,sheep breeds 
904 |i Minh, 961221 
980 |a Trung tâm Học liệu Trường Đại học Cần Thơ